000 00659nam a22002657a 4500
005 20260427162759.0
008 160128b2005 xxu||||| |||| 00| 0 spa d
020 _a9977648972
041 _aESP
082 _a371.260.13 H557a3
100 _aHernández Poveda, Rose Mary
_92418
245 _aAprendamos a elaborar exámenes escritos
250 _a3 edición
260 _aCosta Rica
260 _bEUNED
260 _c2005
300 _a82 páginas
490 _aTemática General
650 _aCOSTA RICA
650 _aEXAMENES
650 _aPEDAGOGIA
650 _aPRUEBAS EDUCATIVAS
650 _aMÉTODOS DE ESTUDIO
942 _cBK
_2ddc
999 _c7560
_d7560